000 00790nam a22002417a 4500
003 KOHA_MİRAKIL
005 20260512054711.0
008 260512b tu ||||| |||| 00| 0 tur d
040 _aTR-AnABB
_btur
_cTR-AnABB
041 _atur
082 _a811.42
_bURA 1984
100 1 _aUral, Orhan
245 1 0 _aTürk şiiri /
_cOrhan Ural
250 _a1. baskı
260 _aİstanbul :
_bTürkiye İş Bankası Kültür Yayınları,
_c1984
300 _a368 sayfa ;
_c24 cm
490 0 _aTürkiye İŞ Bankası Kültür Yayınları Genel Yayın No ;
_v261
490 0 _aCumhuriyet dizisi ;
_v15
500 _aYazar tarafından Prof. Dr. Ruşen Keleş için imzalanmıştır.
650 0 4 _aTürk edebiyatı, şiir
900 _bCan ÇELIK
942 _2ddc
_cBK
999 _c10385
_d10385